[Event "Hamedan op"]
[Site "Hamedan"]
[Date "2017.08.18"]
[Round "10"]
[White "Aghaei, Alireza"]
[Black "Veisi, Bardia"]
[Result "1/2-1/2"]
[WhiteElo "2234"]
[BlackElo "2203"]
[PlyCount "34"]
[EventDate "2017.08.12"]
[EventType "swiss"]
[EventRounds "11"]
[EventCountry "IRI"]
[SourceTitle "CBM 180 Extra"]
[Source "ChessBase"]
[SourceDate "2017.10.06"]
[SourceVersion "1"]
[SourceVersionDate "2017.10.06"]
[SourceQuality "1"]

1. d4 Nf6 2. Bg5 d5 3. e3 c5 4. Bxf6 exf6 5. Nc3 Nc6 6. Nge2 Be6 7. g3 cxd4 8. exd4 Qd7 9. Bg2 0-0-0 10. Nf4 Bb4 11. 0-0 g5 12. Nfxd5 Bxc3 13. Nxc3 Nxd4 14. Nd5 Bxd5 15. Qxd4 Bxg2 16. Qxd7+ Rxd7 17. Kxg2 Rd2 1/2-1/2

[Event "Hamedan op"]
[Site "Hamedan"]
[Date "2017.08.13"]
[Round "2"]
[White "Aghaei, Alireza"]
[Black "Sedghi, Babak"]
[Result "1-0"]
[WhiteElo "2234"]
[BlackElo "1910"]
[PlyCount "121"]
[EventDate "2017.08.12"]
[EventType "swiss"]
[EventRounds "11"]
[EventCountry "IRI"]
[SourceTitle "CBM 180 Extra"]
[Source "ChessBase"]
[SourceDate "2017.10.06"]
[SourceVersion "1"]
[SourceVersionDate "2017.10.06"]
[SourceQuality "1"]

1. Nf3 Nf6 2. b3 b6 3. g3 Bb7 4. Bg2 c5 5. c4 e6 6. Bb2 Be7 7. 0-0 0-0 8. Nc3 d6 9. d4 cxd4 10. Qxd4 Nc6 11. Qf4 a6 12. Rfd1 Qc7 13. Ng5 Ne5 14. Bxb7 Qxb7 15. Nce4 Nxe4 16. Qxe4 Qxe4 17. Nxe4 Rfd8 18. Ba3 Rd7 19. Rd2 f5 20. Nxd6 Rad8 21. Rad1 Nf7 22. c5 bxc5 23. Nc4 Rxd2 24. Rxd2 Rxd2 25. Nxd2 Ne5 26. Bb2 Nc6 27. Nc4 Kf7 28. f3 g6 29. Kf2 Ke8 30. a3 Kd7 31. Ke3 Bg5+ 32. Kd3 Bd8 33. e4 Bc7 34. f4 Na5 35. Nd2 Kc6 36. Bc3 Nb7 37. Bg7 Nd6 38. Be5 Nb5 39. Bb2 Nd6 40. Bc3 Nb5 41. Bb2 Nd6 42. Be5 Nb5 43. a4 Nd6 44. Bxd6 Bxd6 45. Nf3 Be7 46. Ne5+ Kd6 47. Nf7+ Kc6 48. h3 Bf6 49. exf5 exf5 50. Kc4 Bd4 51. b4 Bf2 52. Ne5+ Kd6 53. Nd3 Bxg3 54. bxc5+ Kc6 55. Nb4+ Kb7 56. c6+ Kb6 57. a5+ Kc7 58. Kc5 h6 59. Nd5+ Kc8 60. Kd6 g5 61. Ne7+ 1-0

[Event "IRI-ch sf"]
[Site "Rasht"]
[Date "2015.12.19"]
[Round "9"]
[White "Sadeh, Shahin"]
[Black "Aghaei, Alireza"]
[Result "1-0"]
[WhiteElo "2284"]
[BlackElo "2189"]
[PlyCount "103"]
[EventDate "2015.12.13"]
[EventType "swiss"]
[EventRounds "9"]
[EventCountry "IRI"]
[SourceTitle "EXT 2017"]
[Source "ChessBase"]
[SourceDate "2016.10.25"]
[SourceVersion "1"]
[SourceVersionDate "2016.10.25"]
[SourceQuality "1"]

1. f4 Nf6 2. Nf3 g6 3. b3 Bg7 4. Bb2 0-0 5. e3 d5 6. Be2 c5 7. 0-0 Bg4 8. Ne5 Bxe2 9. Qxe2 Nfd7 10. d4 Nc6 11. Nd2 Rc8 12. Ndf3 Qc7 13. Nxd7 Qxd7 14. c3 b6 15. Rad1 e6 16. h4 Ne7 17. g4 a5 18. Rf2 f5 19. g5 c4 20. h5 cxb3 21. axb3 a4 22. bxa4 Qxa4 23. Ra1 Qc6 24. h6 Bh8 25. Ba3 Qxc3 26. Qb2 Qc7 27. Bxe7 Qxe7 28. Qxb6 Rf7 29. Rfa2 Qe8 30. Ra7 Rb8 31. Qxb8 Qxb8 32. Ra8 Rf8 33. Rxb8 Rxb8 34. Ra6 Re8 35. Kf2 Kf7 36. Ra7+ Re7 37. Rxe7+ Kxe7 38. Ke2 Kd6 39. Kd3 Kc6 40. Kc3 Kb5 41. Kb3 Ka5 42. Ne1 Kb5 43. Nd3 Kc6 44. Kb4 Kd6 45. Kb5 Kd7 46. Nc5+ Kd6 47. Nd3 Kc7 48. Kc5 Kd7 49. Kb6 Kd6 50. Ne5 Ke7 51. Kc7 Bxe5+ 52. dxe5 1-0

[Event "IRI-ch"]
[Site "Zahedan"]
[Date "2012.12.08"]
[Round "3"]
[White "Lorparizangeneh, Shahin"]
[Black "Aghaei, Alireza"]
[Result "1-0"]
[WhiteElo "2190"]
[BlackElo "2188"]
[PlyCount "77"]
[EventDate "2012.12.07"]
[EventType "swiss"]
[EventRounds "11"]
[EventCountry "IRI"]
[SourceTitle "EXT 2014"]
[Source "ChessBase"]
[SourceDate "2013.11.20"]
[SourceVersion "1"]
[SourceVersionDate "2013.11.20"]
[SourceQuality "1"]

1. d4 Nf6 2. c4 g6 3. Nc3 d5 4. Nf3 Bg7 5. Qb3 dxc4 6. Qxc4 0-0 7. e4 a6 8. Be2 b5 9. Qb3 c5 10. dxc5 Bb7 11. e5 Nfd7 12. Be3 Nxe5 13. Rd1 Qc7 14. Nxe5 Bxe5 15. Nd5 Bxd5 16. Qxd5 Nc6 17. Bf3 Rac8 18. Qxc6 Qxc6 19. Bxc6 Rxc6 20. Rd2 f5 21. f3 Kf7 22. 0-0 Rfc8 23. Rfd1 Ke8 24. g3 Bc7 25. b4 Rd8 26. Kf2 a5 27. Rxd8+ Bxd8 28. a4 bxa4 29. b5 Rc8 30. b6 e5 31. b7 Rb8 32. c6 a3 33. Rxd8+ Kxd8 34. Bb6+ Ke7 35. c7 a2 36. Bc5+ Kf7 37. cxb8Q a1Q 38. Qf8+ Ke6 39. Qd6+ 1-0

[Event "IRI-ch"]
[Site "Zahedan"]
[Date "2012.12.07"]
[Round "1"]
[White "Darban Vaighani, Morteza"]
[Black "Aghaei, Alireza"]
[Result "0-1"]
[WhiteElo "2384"]
[BlackElo "2188"]
[PlyCount "64"]
[EventDate "2012.12.07"]
[EventType "swiss"]
[EventRounds "11"]
[EventCountry "IRI"]
[SourceTitle "EXT 2014"]
[Source "ChessBase"]
[SourceDate "2013.11.20"]
[SourceVersion "1"]
[SourceVersionDate "2013.11.20"]
[SourceQuality "1"]

1. c4 Nf6 2. Nc3 d5 3. cxd5 Nxd5 4. g3 g6 5. Bg2 Nb6 6. Nf3 Bg7 7. 0-0 0-0 8. d3 Nc6 9. Bg5 h6 10. Be3 e5 11. Qd2 Kh7 12. Rfc1 f5 13. Bc5 Rf7 14. Ne1 Be6 15. Rd1 Qe8 16. Nc2 Rd8 17. Qe1 Nd4 18. Rd2 c6 19. Qd1 Nd7 20. Ba3 Nf6 21. Ne1 Nd5 22. Rc1 f4 23. Bc5 b6 24. Bxd4 exd4 25. Nxd5 Bxd5 26. b4 fxg3 27. hxg3 Rxf2 28. Bxd5 Qe3 29. Ng2 Qxg3 30. Qe1 Rdf8 31. Bf3 R8xf3 32. exf3 Qxg2# 0-1

[Event "Hamadan Iran op 11th"]
[Site "Hamadan"]
[Date "2012.07.15"]
[Round "7"]
[White "Omidi, Arya"]
[Black "Aghaei, Alireza"]
[Result "0-1"]
[WhiteElo "2008"]
[BlackElo "2175"]
[PlyCount "96"]
[EventDate "2012.07.11"]
[EventType "swiss"]
[EventRounds "11"]
[EventCountry "IRI"]
[SourceTitle "CBM 149 Extra"]
[Source "ChessBase"]
[SourceDate "2012.08.24"]
[SourceVersion "1"]
[SourceVersionDate "2012.08.24"]
[SourceQuality "1"]

1. e4 e6 2. d4 d5 3. Nd2 Nf6 4. e5 Nfd7 5. Bd3 c5 6. c3 Nc6 7. Ne2 cxd4 8. cxd4 f6 9. exf6 Nxf6 10. 0-0 Bd6 11. Nf3 0-0 12. Bf4 Bxf4 13. Nxf4 Ne4 14. Ne2 Ng5 15. Ne5 Nxe5 16. dxe5 Bd7 17. Nd4 Rc8 18. Kh1 Qb6 19. f4 Ne4 20. Bxe4 dxe4 21. Qd2 Rfd8 22. Qf2 Ba4 23. b3 Rxd4 24. bxa4 Rxa4 25. Qh4 e3 26. Rfe1 Rf8 27. h3 Raxf4 28. Qg3 Qd4 29. Rad1 Qxe5 30. Rxe3 Rf1+ 31. Rxf1 Rxf1+ 32. Kh2 Qxg3+ 33. Kxg3 Ra1 34. Ra3 a6 35. Rb3 b5 36. Ra3 b4 37. Rxa6 b3 38. Rb6 bxa2 39. Rb2 Kf7 40. Kg4 Kf6 41. h4 e5 42. Rb6+ Ke7 43. Ra6 Kd7 44. Ra7+ Kc6 45. Ra3 e4 46. Rc3+ Kd5 47. Rc2 Kd4 48. Rb2 e3 0-1

[Event "Isfahan Province-ch"]
[Site "Esfahan"]
[Date "2011.07.21"]
[Round "8"]
[White "Aghaei, Alireza"]
[Black "Javanbakht, Nima"]
[Result "1-0"]
[WhiteElo "2183"]
[BlackElo "2292"]
[PlyCount "77"]
[EventDate "2011.07.16"]
[EventType "swiss"]
[EventRounds "9"]
[EventCountry "IRI"]
[SourceTitle "EXT 2012"]
[Source "ChessBase"]
[SourceDate "2011.11.24"]
[SourceVersion "1"]
[SourceVersionDate "2011.11.24"]
[SourceQuality "1"]

1. d4 d5 2. c4 e6 3. Nc3 c6 4. e3 Nf6 5. Nf3 Nbd7 6. Bd3 dxc4 7. Bxc4 b5 8. Bd3 Bb7 9. e4 b4 10. Na4 c5 11. e5 Nd5 12. 0-0 cxd4 13. Nxd4 Nxe5 14. Bb5+ Nd7 15. Re1 Rc8 16. Qh5 g6 17. Qh3 a6 18. Bg5 Qxg5 19. Nxe6 fxe6 20. Qxe6+ Ne7 21. Bxd7+ Kd8 22. Qb6+ Rc7 23. Bh3 Nd5 24. Rad1 Be7 25. f4 Qxf4 26. Rxd5+ Ke8 27. Rd4 Qc1 28. Rxc1 Rxc1+ 29. Kf2 Rf8+ 30. Kg3 Bc6 31. Qb8+ Kf7 32. Rf4+ Kg7 33. Rxf8 Bxa4 34. Rg8+ Kf7 35. Qf4+ Kxg8 36. Qxc1 Be8 37. Qc8 Kf7 38. Be6+ Kf6 39. Qxe8 1-0

[Event "Isfahan Province-ch"]
[Site "Esfahan"]
[Date "2011.07.17"]
[Round "3"]
[White "Samimi, Sedeh Majid"]
[Black "Aghaei, Alireza"]
[Result "0-1"]
[WhiteElo "1863"]
[BlackElo "2183"]
[PlyCount "42"]
[EventDate "2011.07.16"]
[EventType "swiss"]
[EventRounds "9"]
[EventCountry "IRI"]
[SourceTitle "EXT 2012"]
[Source "ChessBase"]
[SourceDate "2011.11.24"]
[SourceVersion "1"]
[SourceVersionDate "2011.11.24"]
[SourceQuality "1"]

1. e4 e6 2. d4 d5 3. Nc3 Nf6 4. e5 Nfd7 5. f4 c5 6. Nf3 Nc6 7. Be3 a6 8. dxc5 Bxc5 9. Bxc5 Nxc5 10. Bd3 Qb6 11. Qd2 Bd7 12. 0-0-0 Rc8 13. Kb1 Nb4 14. Rc1 Qa5 15. b3 Ne4 16. Bxe4 Rxc3 17. a4 Qc5 18. Rhd1 0-0 19. Ng5 h6 20. Nh3 dxe4 21. Qxd7 Rxc2 0-1

[Event "Wch U14"]
[Site "Porto Carras"]
[Date "2010.10.29"]
[Round "10"]
[White "Aghaei, Alireza"]
[Black "Santos Latasa, Jaime"]
[Result "1/2-1/2"]
[WhiteElo "2112"]
[BlackElo "2263"]
[PlyCount "66"]
[EventDate "2010.10.20"]
[EventType "swiss"]
[EventRounds "11"]
[EventCountry "GRE"]
[SourceTitle "EXT 2011"]
[Source "ChessBase"]
[SourceDate "2010.11.26"]
[SourceVersion "1"]
[SourceVersionDate "2010.11.26"]
[SourceQuality "1"]

1. d4 Nf6 2. c4 e6 3. Nf3 d5 4. Nc3 c6 5. e3 Nbd7 6. Bd3 dxc4 7. Bxc4 b5 8. Bd3 a6 9. e4 c5 10. e5 cxd4 11. Nxb5 Nxe5 12. Nxe5 axb5 13. 0-0 Qd5 14. Qe2 Ba6 15. Bg5 h6 16. Bh4 Be7 17. f4 Rc8 18. f5 0-0 19. fxe6 Qxe6 20. Rae1 Rfe8 21. Qf2 Bb4 22. Re2 Bd2 23. Rxd2 Qxe5 24. Bxf6 Qxf6 25. Qxf6 gxf6 26. Rxf6 Re6 27. Rf5 b4 28. Bxa6 Rxa6 29. Rxd4 Rb8 30. Rff4 Rxa2 31. Rxb4 Rxb2 32. Rxb8+ Rxb8 33. Kf2 Kg7 1/2-1/2